000 00928nam a2200205 a 4500
001 43131
005 20180714021541.0
008 140415s2001 sp 000 0 spa d
020 _a8432132780
041 _aspa
082 _a100
_bMIL
100 1 _aMILLAN PUELLES, ANTONIO
245 1 0 _aFUNDAMENTOS DE FILOSOFIA
250 _a1a ed.
260 _aESPAÑA :
_bRIALP,
_c2001
300 _a670
_cx 13.5 x 20.1
490 _aBIBLIOTECA DEL CINCUENTENARIO
520 _aESTA OBRA ESTA DIRIGIDA A TODOD AQUEL QUE DESEE FUNDAMENTARSE EN LA FILOSOFIA.QUEDA DICHO CON ELLO QUE NO SE TRATA DE UNA SIMPLE INTRODUCCION A ESTA, SINO DE ALGO QUE NO SE REDUCE A LAS CUESTIONES PREVIAS, NI SE CONCENTRA CON VAGAS GENERALIDADES. ASPIRA PUES, PUES, EL LIBRO A OFRECER AL LECTOR UN MINIMO SISTEMA DE CONOCIMIENTOS FILOSOFICOS, EXPUESTOS CON LA CONCRESION A LOS INTERESES DE UNA FORMACION SUPERIOR
650 1 4 _aFILOSOFIA
999 _c43131
_d43131